Cine, literatura y memoria /

Guardado en:
Autor Principal: Neifert, Agustín
Formato: Libro
Publicado: Bahía Blanca : Ediuns, 2013
Materias:
Etiquetas: Agregar Etiqueta
Sin Etiquetas, Sea el primero en etiquetar este registro!
LEADER 00554nam a22002055a 4500
001 CEM.cems014194
005 20140307143233.0
008 130507s2013##################000#0#####d
003 CEMS
020 |a 9789871907342 
082 0 4 |a 778.53 
100 1 |a Neifert, Agustín 
245 1 0 |a Cine, literatura y memoria /  |c Agustín Neifert 
260 |a Bahía Blanca :  |b Ediuns,  |c 2013 
300 |a 240 p. 
653 |a Cine 
653 |a Cienmatografía 
653 |a Memoria 
653 |a Literatura 
859 |a CEMS  |b BIB. CEMS - 11 de abril  |h 778.53  |i N316-1  |p 26761.14  |t Ej.1